Brown Animal Alphabet - Statistics

General Stats
  • This quiz has been taken 17 times
  • The average score is 12 of 26
Answer Stats
Picture Hint Answer % Correct
A Ant
100%
C Coyote
100%
D Donkey
100%
E Echidna
82%
F Finch
82%
R Rat
82%
O Ocelot
73%
P Platypus
73%
B Bush Baby
64%
W Wombat
64%
N Nutria
45%
S Springbok
45%
J Junglefowl
36%
L Lemming
36%
M Marmot
36%
T Thresher Shark
36%
K Kangaroo Rat
27%
U Uaru
27%
H Honey Possum
18%
I Icefish
18%
Q Queen Loach
18%
V Viscacha
18%
Z Zorro
18%
G Geoffroy's Cat
9%
X Xenopoecilus
9%
Y Yaffle
9%
No matching quizzes found
Score Distribution
Percent of People with Each Score
Percentile by Number Answered
Your Score History
You have not taken this quiz